01104nam a2200193Ia 4500001001100000003001000011008004100021040002500062041001300087100002600100245007600126250001100202260006600213300001200279500023400291501011400525520023400639650003700873L255-18219IT-CnALBA170116s9999||||xx |||||||||||||| ||und|| aIT-CnALBAcIT-CnALBA aITALIANO aBARTOLI DANIELLO, SJ. 0aDELL'ISTORIA DELLA COMPAGNIA DI GESÙ: L'ASIA DESCRITTA. VOL. III.  a1a ed. a VENEZIAbTASSO G. TIP. CAL. LIT. LIBR.c1865 [1° Ed.: n.d.] a431 p.  aSALSETE DI GOA. CONVERSIONI. IDOLATRI. IDALCAN. PACE COI PORTOGHESI. P. RI DOLFO AQUAVIVA. ALFONSO BACECHI, UCCISI DAI BARBARI IDOLATRI. PUNIZIONE DEGLI UCCISORI. SANTITÀ DI PADRE RIDOLFO. VOCAZIONE UMILTÀ UBBIDIENZA. MORTE ' aSocietà San Paolo EM - Piazza San Paolo, 14 - 12051 ALBA (CN) (non commercial uses only) ® Copyright 2017 aSALSETE DI GOA. CONVERSIONI. IDOLATRI. IDALCAN. PACE COI PORTOGHESI. P. RI DOLFO AQUAVIVA. ALFONSO BACECHI, UCCISI DAI BARBARI IDOLATRI. PUNIZIONE DEGLI UCCISORI. SANTITÀ DI PADRE RIDOLFO. VOCAZIONE UMILTÀ UBBIDIENZA. MORTE ' aORDINI E CONGREGAZIONI RELIGIOSE